Normal view
MARC view
- Verma, L.N.
Entry Personal Name
001 - CONTROL NUMBER
- control field: 25253
003 - CONTROL NUMBER IDENTIFIER
- control field: NUST
005 - DATE AND TIME OF LATEST TRANSACTION
- control field: 20191106101954.0
008 - FIXED-LENGTH DATA ELEMENTS
- fixed length control field: 191106|| aca||aabn | a|a d
040 ## - CATALOGING SOURCE
- Original cataloging agency: NUST
- Transcribing agency: NUST
100 ## - HEADING--PERSONAL NAME
- Personal name: Verma, L.N.
670 ## - SOURCE DATA FOUND
- Source citation: Work cat.: (NUST): Verma, L.N., Urban Geography , ©2006
